Cuestiones controvertidas del Cristianismo

Saved in:
Bibliografiske detaljer
Hovedforfatter: Gay Bochaca, José (Author)
Format: Bog
Sprog:spansk
Udgivet: Madrid Pelícano 2002
Udgivelse:1a. ed
Fag:
Tags: Tilføj Tag
Ingen Tags, Vær først til at tagge denne postø!

MARC

LEADER 00000nam a2200000 a 4500
001 UCH2903
003 CL-VaPUC
008 090702e20021000SP |||||||||||||||||spa|d
020 |a 8482396730 
082 0 4 |a 261.83  |b GAY  |2 21 
100 0 |a Gay Bochaca, José  |e author  |9 537969 
245 1 0 |a Cuestiones controvertidas del Cristianismo 
250 |a 1a. ed 
300 |a 453 p 
942 |c BK 
945 |d 20090702 00:00:00  |a dcastane 
260 |a Madrid  |b Pelícano  |c 2002 
650 0 |a Teología moral   |9 256617 
650 0 |a Teología social  |9 326726 
650 7 |a DOCTRINA SOCIAL CATOLICA  |2 CL-VaPUC  |9 399552 
650 0 |a Problemas sociales  |9 258537 
583 |a last modification  |c 20090702 00:00:00  |k Rodrigo Vera 
999 |c 334564  |d 334562 
952 |0 0  |1 0  |4 0  |6 261_830000000000000_GAY_2002  |7 0  |8 A  |9 423669  |a BIBTEO  |b BIBTEO  |d 2019-11-22  |i 4569229  |o 261.83 GAY 2002  |p 4569229  |r 2025-01-17  |w 2019-11-22  |y BK  |k ICR